Central Library OPAC University of Rajshahi

Children and legal protection : (Record no. 4858)

MARC details
000 -LEADER
fixed length control field 01020nam a2200277 a 4500
001 - CONTROL NUMBER
control field 4858
003 - CONTROL NUMBER IDENTIFIER
rucl marc code BD-RjUL
005 - DATE AND TIME OF LATEST TRANSACTION
control field 20211208233952.0
008 - FIXED-LENGTH DATA ELEMENTS--GENERAL INFORMATION
fixed length control field 131223s1996 ii b 001 0 eng d
020 ## - INTERNATIONAL STANDARD BOOK NUMBER
International Standard Book Number 8171006607
035 ## - SYSTEM CONTROL NUMBER
System control number (BD-RjUL)4893
040 ## - CATALOGING SOURCE
Original cataloging agency ANL
Language of cataloging eng
Transcribing agency ANL
Modifying agency ANL:NR
041 ## - LANGUAGE CODE
Language code of text/sound track or separate title eng
082 04 - DEWEY DECIMAL CLASSIFICATION NUMBER
Classification number 346.540135
Edition number 20
Author mark and year DIC 1996
100 1# - MAIN ENTRY--PERSONAL NAME
Personal name Diwan, Paras,
Dates associated with a name 1924-
9 (RLIN) 15319
245 10 - TITLE STATEMENT
Title Children and legal protection :
Remainder of title illegitimate children, child marriages, adoptions, inter-country adoption, child-wife and child-widow ... /
Statement of responsibility, etc. Paras Diwan and Peeyushi Diwan.
260 ## - PUBLICATION, DISTRIBUTION, ETC. (IMPRINT)
Place of publication, distribution, etc. New Delhi :
Name of publisher, distributor, etc. Deep & Deep,
Date of publication, distribution, etc. c1996.
300 ## - PHYSICAL DESCRIPTION
Pagination xviii, 517 p. ;
Size 23 cm.
504 ## - BIBLIOGRAPHY, ETC. NOTE
Bibliography, etc Includes bibliographical references and index.
650 #0 - SUBJECT ADDED ENTRY--TOPICAL TERM
Topical term or geographic name as entry element Children
General subdivision Legal status, laws, etc.
Geographic subdivision India.
9 (RLIN) 9047
Topical term or geographic name as entry element Child labor
General subdivision Law and legislation
Geographic subdivision India.
9 (RLIN) 15320
Topical term or geographic name as entry element Adoption
General subdivision Law and legislation
Geographic subdivision India.
9 (RLIN) 15321
Topical term or geographic name as entry element Custody of children
Geographic subdivision India.
9 (RLIN) 15322
700 1# - ADDED ENTRY--PERSONAL NAME
Personal name Diwan, Peeyushi.
942 ## - ADDED ENTRY ELEMENTS (KOHA)
Source of classification or shelving scheme Dewey Decimal Classification
Koha item type Books
Holdings
Lost status Source of classification or shelving scheme Damaged status Not for loan Collection code Permanent Location Current Location Shelving location Date acquired Source of acquisition Cost, normal purchase price Total Checkouts Full call number Date last seen Copy number Koha item type
  Dewey Decimal Classification     Non-fiction Central Library, University of Rajshahi Central Library, University of Rajshahi   09/10/1996 Anhan, Dhaka 450.00   346.540135 DIC 1996 23/12/2013 C-4 Books
  Dewey Decimal Classification     Non-fiction Central Library, University of Rajshahi Central Library, University of Rajshahi   09/10/1996 Ankur Dhaka 450.00   346.540135 DIC 1996 26/11/2016 C-2 Books